Principles & Practice In Double Entry Book-Keeping. (Record no. 751346)

MARC details
000 -LEADER
fixed length control field 00646nam a2200181Ia 4500
008 - FIXED-LENGTH DATA ELEMENTS--GENERAL INFORMATION
fixed length control field 100921s9999 xx 000 0 und d
082 ## - DEWEY DECIMAL CLASSIFICATION NUMBER
Item number 2233
Classification number 330 थ 71
100 ## - MAIN ENTRY--PERSONAL NAME
Personal name Chokshi M.
245 ## - TITLE STATEMENT
Title Principles & Practice In Double Entry Book-Keeping.
260 ## - PUBLICATION, DISTRIBUTION, ETC. (IMPRINT)
Name of publisher, distributor, etc आचार्य बुक डेपो,बडोदा.
Date of publication, distribution, etc 1971
300 ## - PHYSICAL DESCRIPTION
Extent 618
Other physical details ---
365 ## - TRADE PRICE
Price amount 12.5
520 ## - SUMMARY, ETC.
Summary, etc स.शा.अर्थशास्त्र.
630 ## - SUBJECT ADDED ENTRY--UNIFORM TITLE
Uniform title Principles & Practice In Double Entry Book-Keeping.
650 ## - SUBJECT ADDED ENTRY--TOPICAL TERM
Topical term or geographic name as entry element स.शा.अर्थशास्त्र.
730 ## - ADDED ENTRY--UNIFORM TITLE
Uniform title Principles & Practice In Double Entry Book-Keeping.
942 ## - ADDED ENTRY ELEMENTS (KOHA)
Koha item type Book
Holdings
Withdrawn status Lost status Damaged status Not for loan Home library Current library Shelving location Date acquired Cost, normal purchase price Total Checkouts Barcode Date last seen Price effective from Koha item type Public note
      Added to bundle Lo. Tilak Granthasangrahalaya, Wai Lo. Tilak Granthasangrahalaya, Wai     12.50   WAITILAKGS-2233 09/21/2010 09/21/2010 Book संदर्भ